00736nam a22002297a 4500003000500000005001700005008004100022010000900063011000900072035000900081040000900090100001700099245006800116260008500184300001800269490005200287650002800339650002600367650003800393700002300431830005200454CHAP20220329133458.0971013s1992 r 00010 d a6858 a7830 a7055 cCHAP00aSmith, F. W. aFoliar symptoms of nutrient disorders in Aeschynomene americana aMelbourne :bCommonwealth Scientific and Industrial Research Organization,c1992 a14 p.b: ilus aDiv. of Trop. Crops and Past. Tech. Paperv; 3414aAeschynomene americana.14aDiagnóstico foliar.14aPlantasxDeficiencias nutritivas.0 aVandeu Berg, P. J.0 aDiv. of Trop. Crops and Past. Tech. Paperv; 34